Environmental Pollution / (Record no. 202506)

MARC details
000 -LEADER
fixed length control field 00612 a2200205 4500
005 - DATE AND TIME OF LATEST TRANSACTION
control field 20240501162846.0
010 ## - LCCN (DPL NO)
LC control number B-758838
020 ## - INTERNATIONAL STANDARD BOOK NUMBER
International Standard Book Number 8172380046
Terms of availability 375.00
035 ## - SYSTEM CONTROL NUMBER
System control number B-758838
037 ## - SOURCE OF ACQUISITION
Source of stock number/acquisition Gift/Unesco
082 ## - DEWEY DECIMAL CLASSIFICATION NUMBER
Classification number 628.16
100 ## - MAIN ENTRY--PERSONAL NAME
Personal name Prasad, D.
245 ## - TITLE STATEMENT
Title Environmental Pollution /
Remainder of title D. Prasad [and] H.S. Gaur
260 ## - PUBLICATION, DISTRIBUTION, ETC. (IMPRINT)
Place of publication, distribution, etc New Delhi
Name of publisher, distributor, etc Venus Publishing House
Date of publication, distribution, etc 1992
270 ## - ADDRESS
Address New Delhi
300 ## - PHYSICAL DESCRIPTION
Extent 359 p.;
Dimensions 22cm. (Hb)
Other physical details Index
700 ## - ADDED ENTRY--PERSONAL NAME
Personal name Gaur, H.S.
9 (RLIN) 65399
942 ## - ADDED ENTRY ELEMENTS (KOHA)
Institution code [OBSOLETE] dpl
Item type English Books
Source of classification or shelving scheme Dewey Decimal Classification
Classification part 628.16
Call number suffix ENV
Holdings
Withdrawn status Lost status Not for loan Collection code Home library Current library Date acquired Source of acquisition Cost, normal purchase price Full call number Barcode Copy number Cost, replacement price Koha item type Public note
      Non-fiction Bawana Bawana 01/05/2024 Gift/29.4.24 375.00 628.16 ENV B-758838 1 375.00 English Books Gift

© Delhi Public Library
Hit Counter
free hit counter